Finančná analýza spoločnosti Metrostav SK, a.s. za roky 2005-2007 s dôrazom na celkovú finančnú situáciu a postavenie spoločnosti na trhu diplomová práca

Salvato in:
Dettagli Bibliografici
Autore principale: Poliaková, Ivana
Ente Autore: Fakulta podnikového manažmentu EU. Katedra podnikových financií
Altri autori: Zalai, Karol
Natura: Libro
Lingua:slovacco
Pubblicazione: Bratislava 2009
Tags: Aggiungi Tag
Nessun Tag, puoi essere il primo ad aggiungerne!!

MARC

LEADER 00000nam$a2200000$$$4500
001 0101513
005 20240319124514.2
041 0 |a slo 
044 |a SK 
245 1 0 |a Finančná analýza spoločnosti Metrostav SK, a.s. za roky 2005-2007 s dôrazom na celkovú finančnú situáciu a postavenie spoločnosti na trhu  |b diplomová práca  |c Ivana Poliaková ; škol. Karol Zalai 
264 1 |a Bratislava  |c 2009 
300 |a 101 s. 
100 1 |a Poliaková, Ivana 
700 1 |a Zalai, Karol 
710 2 |a Fakulta podnikového manažmentu EU. Katedra podnikových financií